• 首页
  • 本馆介绍
  • 公告通知
  • 最新文献
  • 馆藏检索
  • 电子资源
  • 读者导购
  • 参考咨询
  • 我的图书馆
  • 登录
  • 详细信息显示
  • 放入我的书架
  • 预约/预借图书
  • 作者相关作品
  • 分类相关作品
  • 丛书相关作品
  • 出版社相关作品

书目信息

  • 表格格式
  • 工作单格式
  • 卡片格式
题名:
湖泊流域工业废水综合治理
    
 
作者: 余淦申 编著
分册:  
出版信息: 北京   中国建筑工业出版社  2010
页数: 10, 321页
开本: 26cm
丛书名: 湖泊流域综合治理系列丛书
单 册:
中图分类: X52 , X703
科图分类:
主题词: 湖泊--hu po--工业废水--综合治理 , 流域--liu yu--工业废水--综合治理
电子资源:
ISBN: 978-7-112-12120-5
000 01378nam 2200277 450
001 2369813606
005 20231204192345.27
010    @a978-7-112-12120-5@dCNY46.00
100    @a20100812d2010 em y0chiy50 ea
101 0  @achi
102    @aCN@b110000
105    @aak z 000yy
200 1  @a湖泊流域工业废水综合治理@Ahu po liu yu gong ye fei shui zong he zhi li@f余淦申等编著
210    @a北京@c中国建筑工业出版社@d2010
215    @a10, 321页@c图@d26cm
225 2  @a湖泊流域综合治理系列丛书@Ahu po liu yu zong he zhi li xi lie cong shu
300    @a“十一五”国家重点图书
330    @a本书介绍湖泊流域重点污染工业废水综合治理技术, 排放提标改造技术和工程实例。全书共分9章。第1章介绍我国水资源和湖泊流域污染现状。第2章介绍工业废水处理、污泥处理处置基本方法和技术。第3章-第6章介绍纺织印染、制浆造纸、化工 (日用化工、制药和农药) 以及其他工业 (电镀、食品加工、屠宰、皮革、洗煤) 废水处理技术, 提标改造技术和工程实例。第7章介绍清洁生产技术与设备, 清洁生产审核和实例。第8章介绍工业废水再生利用方法, 技术关键和实例。第9章介绍工业园区废水处理和工程实例。附录介绍工业废水处理和再生利用新设备。
410  0 @12001 @a湖泊流域综合治理系列丛书
606 0  @a湖泊@Ahu po@x工业废水@x综合治理
606 0  @a流域@Aliu yu@x工业废水@x综合治理
690    @aX52@v5
690    @aX703@v5
701  0 @a余淦申@Ayu gan shen@4编著
801  0 @aCN@b湖北三新@c20101030
905    @aZUCC@dX52@e9
    
    湖泊流域工业废水综合治理/余淦申等编著.-北京:中国建筑工业出版社,2010
    10, 321页:图;26cm.-(湖泊流域综合治理系列丛书)
    “十一五”国家重点图书
    
    ISBN 978-7-112-12120-5:CNY46.00
    本书介绍湖泊流域重点污染工业废水综合治理技术, 排放提标改造技术和工程实例。全书共分9章。第1章介绍我国水资源和湖泊流域污染现状。第2章介绍工业废水处理、污泥处理处置基本方法和技术。第3章-第6章介绍纺织印染、制浆造纸、化工 (日用化工、制药和农药) 以及其他工业 (电镀、食品加工、屠宰、皮革、洗煤) 废水处理技术, 提标改造技术和工程实例。第7章介绍清洁生产技术与设备, 清洁生产审核和实例。第8章介绍工业废水再生利用方法, 技术关键和实例。第9章介绍工业园区废水处理和工程实例。附录介绍工业废水处理和再生利用新设备。
●
相关链接 在五车中查询图书 在当当中查询图书 在豆瓣中查询图书


正题名:湖泊流域工业废水综合治理     索取号:X52/9         预约/预借

序号 登录号 条形码 馆藏地/架位号 状态 备注
1 2001352368   2001352368   214主题书屋/四22架B面4层3列/ [索取号:X52/9] 在馆    
2 2001352369   2001352369   214主题书屋/四22架B面4层3列/ [索取号:X52/9] 在馆    
3 2001352370   2001352370   214主题书屋/四22架B面4层3列/ [索取号:X52/9] 在馆    
4 2001352371   2001352371   214主题书屋/四22架B面4层3列/ [索取号:X52/9] 在馆    
5 2001352372   2001352372   214主题书屋/四22架B面4层3列/ [索取号:X52/9] 在馆    
6 2001352373   2001352373   214主题书屋/四22架B面4层3列/ [索取号:X52/9] 在馆    
7 2001352374   2001352374   214主题书屋/四22架B面4层3列/ [索取号:X52/9] 在馆    
8 2001352375   2001352375   第四书库/四22架B面5层3列/ [索取号:X52/9] 在馆    
9 2001352376   2001352376   第四书库/四22架B面5层3列/ [索取号:X52/9] 在馆    
10 2001352377   2001352377   第四书库/四22架B面5层3列/ [索取号:X52/9] 在馆    
11 2001352378   2001352378   第四书库/四22架B面5层3列/ [索取号:X52/9] 在馆    
12 2001352379   2001352379   第四书库/四22架B面5层3列/ [索取号:X52/9] 在馆    
13 2001352380   2001352380   第四书库/四22架B面5层3列/ [索取号:X52/9] 在馆    
14 2001352381   2001352381   第四书库/四22架B面5层3列/ [索取号:X52/9] 在馆    
15 2001352382   2001352382   第四书库/四22架B面5层3列/ [索取号:X52/9] 在馆    
16 2001352383   2001352383   第四书库/四22架B面5层3列/ [索取号:X52/9] 在馆    
17 2001352384   2001352384   第四书库/四22架B面5层3列/ [索取号:X52/9] 在馆    
18 2001352385   2001352385   214主题书屋/四22架B面4层3列/ [索取号:X52/9] 在馆    
19 2001352386   2001352386   315书库/ [索取号:X52/9] 在馆    
20 2001352387   2001352387   315书库/ [索取号:X52/9] 在馆    
21 2001352388   2001352388   315书库/ [索取号:X52/9] 在馆    
22 2001352389   2001352389   315书库/ [索取号:X52/9] 在馆    
23 2001352390   2001352390   315书库/ [索取号:X52/9] 在馆    
24 2001352391   2001352391   315书库/ [索取号:X52/9] 在馆    
25 2001352392   2001352392   515书库/ [索取号:X52/9] 在馆    
26 2001352393   2001352393   515书库/ [索取号:X52/9] 在馆    
27 2001352394   2001352394   515书库/ [索取号:X52/9] 在馆    
28 2001352395   2001352395   515书库/ [索取号:X52/9] 在馆    
29 2001352396   2001352396   515书库/ [索取号:X52/9] 在馆    
30 2001352397   2001352397   515书库/ [索取号:X52/9] 在馆    
山东省滨州职业学院图书馆 欢迎您!
大连网信软件有限公司© 版权所有